000 00297nam a22001337a 4500
008 170925b xxu||||| |||| 00| 0 eng d
020 _a9780205317462
041 _aeng
080 _25 ED
_a37
100 _a37
101 _aEDU
245 _aWRITING ARGUMENTS
_cRAMAGE.J.D
942 _2udc
_cBK
999 _c29604
_d29604